Loading...
| Science - Biology | 0 | 7 | 0 | 1 | 70 | 56 | 75.71 | 0 | 0 | 0.00 | 0.00 |
| Science - Chemistry | 0 | 7 | 1 | 2 | 65 | 37 | 48.14 | 1 | 4 | 0.00 | 0.00 |
| Fine Arts - Classical Music | 0 | 5 | 0 | 0 | 50 | 66 | 85.00 | 0 | 2 | 0.00 | 0.00 |
| Literature - American | 0 | 5 | 1 | 1 | 45 | 62 | 88.00 | 0 | 4 | 0.00 | 0.00 |
| Literature - European | 0 | 4 | 1 | 1 | 35 | 81 | 106.75 | 0 | 1 | 0.00 | 0.00 |
| Science - Physics | 0 | 4 | 1 | 3 | 35 | 71 | 93.75 | 0 | 0 | 0.00 | 0.00 |
| History - European | 0 | 3 | 0 | 2 | 30 | 90 | 102.00 | 0 | 0 | 0.00 | 0.00 |
| History - American | 0 | 3 | 0 | 1 | 30 | 51 | 76.33 | 0 | 0 | 0.00 | 0.00 |
| Philosophy | 0 | 3 | 0 | 0 | 30 | 70 | 81.67 | 0 | 0 | 0.00 | 0.00 |
| Fine Arts - Other | 0 | 4 | 3 | 2 | 25 | 71 | 81.00 | 0 | 0 | 0.00 | 0.00 |
| Current Events | 0 | 2 | 0 | 0 | 20 | 47 | 58.00 | 0 | 1 | 0.00 | 0.00 |
| History - Other | 0 | 2 | 0 | 0 | 20 | 79 | 84.50 | 0 | 0 | 0.00 | 0.00 |
| Mythology | 0 | 2 | 0 | 2 | 20 | 115 | 119.00 | 0 | 0 | 0.00 | 0.00 |
| Religion | 0 | 2 | 0 | 0 | 20 | 62 | 65.50 | 0 | 0 | 0.00 | 0.00 |
| Social Science | 0 | 2 | 0 | 2 | 20 | 83 | 92.00 | 0 | 0 | 0.00 | 0.00 |
| Painting/Sculpture | 0 | 2 | 1 | 0 | 15 | 61 | 83.50 | 0 | 0 | 0.00 | 0.00 |
| Geography | 0 | 2 | 1 | 2 | 15 | 118 | 118.50 | 0 | 1 | 0.00 | 0.00 |
| Literature - British | 0 | 2 | 1 | 0 | 15 | 89 | 95.50 | 0 | 0 | 0.00 | 0.00 |
| History - World | 0 | 2 | 2 | 0 | 10 | 20 | 52.00 | 1 | 1 | 0.00 | 0.00 |
| Science - Other | 0 | 2 | 2 | 0 | 10 | 48 | 72.00 | 0 | 1 | 0.00 | 0.00 |
| Literature - World | 0 | 2 | 2 | 1 | 10 | 94 | 103.00 | 0 | 0 | 0.00 | 0.00 |
| Pop Culture | 0 | 1 | 1 | 1 | 5 | 116 | 116.00 | 0 | 0 | 0.00 | 0.00 |